| 000 | 00574ntaaa2200217 4500 | ||
|---|---|---|---|
| 003 | 01 | ||
| 005 | 20251027201754.0 | ||
| 008 | 0714s1973 ag 01 | ||
| 040 |
_aAR-BaBN _bspa _cAR-BaBN _eaacr _dRIC |
||
| 082 | _a241.0000 H22 | ||
| 100 |
_aHarkness, Georgia _9650 |
||
| 245 | _aJohn Calvin, the man and his ethics | ||
| 250 | _a1 ed. | ||
| 260 |
_aNashville : _bAbingdon Press, _cc1958 |
||
| 300 | _a266 p | ||
| 650 |
_aCalvin Juan-biografía _916207 |
||
| 650 |
_abiografía-Calvino _916208 |
||
| 650 |
_aética _92820 |
||
| 650 |
_aCalvino-ética _911756 |
||
| 942 | _cBK | ||
| 999 |
_c12399 _d12399 |
||